Statistiques concernant Le personnage de jeux video les plus connus

Cliquez ici pour prendre le quiz!

Statistiques générales

  • Ce quiz a été pris 137 fois
  • Le résultat moyen est 16 sur 40

Statistiques - réponses

Serie de jeux vidéo Answer % Correct
Super M....Mario
100%
PokemonPikachu
90%
S.... the hedgehogSonic
87%
Tomb raiderLara Croft
86%
The legend of ZeldaLink
85%
Super MarioLuigi
81%
Super Mario et Y.... IslandYoshi
81%
D..... K...Donkey Kong
78%
Super Mario et W.... WareWario
67%
Metal Gear SolidSolid Snake
60%
Street FighterRyu
57%
R...... et ClankRatchet
55%
Street FighterKen
54%
God of WarKratos
51%
S.... the DragonSpyro
50%
Super MarioBowser
45%
UnchartedNathan Drake
43%
Super MetroidSamus Aran
41%
P.. M..Pac Man
40%
Final FantasyCloud Strife
35%
Sonic the hedgehogTails
32%
Assassin's creedEzio
32%
Assassin's creedAltair
29%
Sonic the hedgehogShadow
28%
HaloMaster Chief
25%
C.... B........Crash Bandicoot
25%
PokemonRed
23%
Devil May CryDante
23%
Little Big PlanetSackboy
21%
K....Kirby
19%
Half lifeGordon Freeman
17%
M... M..Mega Man
17%
CastlevaniaSimon Belmont
15%
Gran theft autoCarl Jonhson
11%
R.....Rayman
10%
Gran theft autoNico Bellic
7%
Red Dead RedemptionJohn Martson
6%
Gears of WarMarcus Fenix
3%
D... N....Duke Nukem
3%
C.....Conker
2%

Distribution des résultats

Percentile by Number Answered

% des personnes avec chaque résultat

Votre développement - résultats

Vous n’avez pas pris ce quiz